Top 50 anime - Statistics

General Stats
  • This quiz has been taken 132 times
  • The average score is 19 of 50
Answer Stats
Hint Answer % Correct
. Naruto
94%
. Death Note
88%
. Dragon Ball
87%
. One Piece
85%
. Bleach
76%
. Attack on Titan
72%
. K
67%
. My Hero Academia
62%
. Fullmetal Alchemist
61%
. Tokyo Ghoul
60%
. Hunter X Hunter
57%
. Demon Slayer
56%
. One Punch Man
56%
. Sword Art Online
56%
. Haikyu
53%
. Fairy Tail
52%
. Seven Deadly Sins
44%
. Black Clover
43%
. Black Butler
40%
. Code Geass
40%
. Gintama
40%
. Assassination Classroom
38%
. Blue Exorcist
36%
. Noragami
35%
. Steins Gate
33%
. Free
32%
. Angel Beats
30%
. No Game No life
29%
. Food Wars
28%
. Fate/Stay Night
26%
. Yuri On Ice
26%
. Dr.Stone
25%
. Inuyasha
25%
. The Promised Neverland
23%
. Soul Eater
22%
. Fire Force
16%
. Fruits Basket
16%
. Clannad
14%
. The Future Diary
14%
. Guilty Crown
13%
. Charlotte
12%
. Gurren Lagann
12%
. Magi
12%
. Anohana
11%
. Dororo
11%
. Maid Sama
10%
. The Devil Is a Part Timer
8%
. Bungo Stray Dogs
7%
. The Rising of the Shield Hero
6%
. Seraph of the End
4%
No matching quizzes found
Score Distribution
Percent of People with Each Score
Percentile by Number Answered
Your Score History
You have not taken this quiz